Social marketing: a seminar held at IIM-B on March 22, 1977: Papers & Proceedings (Record no. 476852)

000 -LEADER
fixed length control field 00470cam a22001337a 4500
008 - FIXED-LENGTH DATA ELEMENTS--GENERAL INFORMATION
fixed length control field 180718b1977 xxu||||| |||| 00| 0 eng d
082 ## - DEWEY DECIMAL CLASSIFICATION NUMBER
Classification number B136x54 In2s
245 ## - TITLE STATEMENT
Title Social marketing: a seminar held at IIM-B on March 22, 1977: Papers & Proceedings
Statement of responsibility, etc. by Indian Institute of Management
260 ## - PUBLICATION, DISTRIBUTION, ETC.
Place of publication, distribution, etc. Bangalore
Name of publisher, distributor, etc. Indian Institute of Management
Date of publication, distribution, etc. 1977
300 ## - PHYSICAL DESCRIPTION
Extent 95p.
440 ## - SERIES STATEMENT/ADDED ENTRY--TITLE
Title Paper
650 ## - SUBJECT ADDED ENTRY--TOPICAL TERM
Topical term or geographic name entry element Rural Development
700 ## - ADDED ENTRY--PERSONAL NAME
Personal name Karnataka. Indian Institute of Management
Holdings
Withdrawn status Lost status Damaged status Not for loan Permanent Location Current Location Date acquired Full call number Barcode Date last seen Price effective from Koha item type
        Indian Institute of Public Administration Indian Institute of Public Administration 2018-08-04 B136x54 In2s GR10852 2018-08-04 2018-08-04 GR

Powered by Koha